000 01250nam a22003617a 4500
001 0051278
003 KOHA_MİRAKIL
005 20260207003800.0
007 ta
008 150629b2013 tu |||gr||||#||||0|tur |
020 _a9786051334776
040 _aTR-BiSEU
_btur
_cTR-BiSEU
_erda
041 0 _atur
044 _ctu
050 _aRC488.5
_b.D38 2013
100 1 _aDattilio, Frank M..
240 1 0 _aThe family therapy treatment planner
_lTürkçe
245 1 _aAile tedavisi tedavi planlayıcısı =
_bThe family therapy treatment planner/
_cFrank M. Dattilio ; Frank M. Dattilio, Arthur E. Jongsma Jr. ; Sean D. Davis, contributing editor ; çeviri editörleri, Aziz Yıldırım, İbrahim Kurt..
250 _a2. basımdan çeviri
264 1 _aAnkara :
_bNobel
_c2013
300 _aX, 346 sayfa ;
_c24 cm.
336 _ametin
_btxt
_2rdacontent
337 _aaracısız
_bn
_2rdamedia
338 _acilt
_bnc
_2rdacarrier
490 1 _aNobel ;
_v575.
490 1 _a Psikoloji nu ;
_v22.
500 _aKaynakça var.
650 0 _aAile psikoterapisi--Planlama.
_995245
650 0 _aAkıl hastalığı--Tedavi--Planlama.
_995246
830 1 _aNobel ;
_v575.
_91846
830 1 _a Psikoloji nu ;
_v22.
_995247
942 _2lcc
_cBK
999 _c51103
_d51103